| 000 | 01482cam a22003617a 4500 | ||
|---|---|---|---|
| 003 | CHAP | ||
| 005 | 20220329142356.0 | ||
| 008 | 001013d1999 mx rs o00110 spa d | ||
| 010 | _a82585 | ||
| 011 | _a83557 | ||
| 020 | _a9701327241 | ||
| 035 | _a94070 | ||
| 040 | _cCHAP | ||
| 082 |
_a312.0972 _bI59 Col. 1997 |
||
| 110 | 2 |
_aInstituto Nacional de Estadística, Geografía e Informática. México _959304 |
|
| 245 | 0 |
_aEncuesta nacional de la dinámica demográfica 1997 _b: Colima _cpor Instituto Nacional de Estadística, Geografía e Informática. |
|
| 260 |
_aAguascalientes, Ags. : _bInstituto Nacional de Estadística, Geografía e Informática, _cc.1999- |
||
| 300 |
_av. : _bgráfs. ; cuadros |
||
| 500 | _aLa biblioteca tiene : v.1 Panorama sociodemográfico | ||
| 590 |
_aBATCH-UPD _b10 _c20130110 _lUCH01 _h0038 |
||
| 590 |
_aBATCH-UPD _b10 _c20130110 _lUCH01 _h0647 |
||
| 590 |
_aBATCH-UPD _b10 _c20130410 _lUCH01 _h0332 |
||
| 590 |
_aBATCH-UPD _b10 _c20130914 _lUCH01 _h1008 |
||
| 590 |
_aCONVERSION _b10 _c20130109 _lUCH01 _h1346 |
||
| 650 | 1 | 4 |
_aColima _xCondiciones sociales. _925161 |
| 650 | 1 | 4 |
_aPoblación _xEstadísticas _zColima. _989377 |
| 650 | 1 | 4 |
_aPoblación _zColima. _989420 |
| 901 | _aBK | ||
| 905 | _aPatricia Mendoza P. | ||
| 942 | _cLIBRO | ||
| 949 |
_a312.0972 I59 Col. 1997 _bBC _cINEGI _d33724000790341 _eINEGI _fv.1 c.2 _h99318 _i94070 _kDonaciØn _sb |
||
| 949 |
_a312.0972 I59 Col. 1997 _bBC _cINEGI _d33724000805693 _eINEGI _fv.1 _h98865 _i94070 _kDonaciØn _sb |
||
| 999 |
_c82585 _d82585 |
||